[Event "Havana-B"]
[Site "Havana"]
[Date "1985.??.??"]
[Round "6"]
[White "Dlugy, Maxim"]
[Black "Ortega, Lexy"]
[Result "1/2-1/2"]
[WhiteElo "2485"]
[BlackElo "2385"]

1.d4 Nf6 2.c4 e6 3.Nf3 Bb4+ 4.Bd2 c5 5.g3 Bxd2+ 6.Qxd2 Ne4 7.Qe3 Qa5+ 8.Nbd2 Nxd2
9.Nxd2 cxd4 10.Qxd4 O-O 11.Bg2 Nc6 12.Qe3 d5  1/2-1/2

[Event "Havana-B"]
[Site "Havana"]
[Date "1985.??.??"]
[Round "10"]
[White "Hernandez, Roman"]
[Black "Knezevic, Milorad"]
[Result "1/2-1/2"]
[WhiteElo "2440"]
[BlackElo "2405"]

1.d4 Nf6 2.Nf3 e6 3.c4 Bb4+ 4.Bd2 c5 5.Bxb4 cxb4 6.g3 O-O 7.Bg2 d6 8.O-O Qc7
9.Qb3 a5 10.Nbd2 e5 11.Rac1 Nc6  1/2-1/2

[Event "Havana-B"]
[Site "Havana"]
[Date "1985.??.??"]
[Round "12"]
[White "Dlugy, Maxim"]
[Black "Garcia Martinez, Silvino"]
[Result "1-0"]
[WhiteElo "2485"]
[BlackElo "2430"]

1.d4 Nf6 2.c4 e6 3.Nf3 Bb4+ 4.Bd2 c5 5.g3 O-O 6.Bg2 Nc6 7.O-O Bxd2 8.Qxd2 d6
9.Nc3 Qe7 10.d5 Na5 11.b3 e5 12.e4 a6 13.Qd3 b5 14.cxb5 axb5 15.Nxb5 Ba6
16.Rfe1 Rfc8 17.a4 c4 18.bxc4 Rxc4 19.Nd2 Rc5 20.Rec1 Nd7 21.Rxc5 Nxc5 22.Qc3 Bc8
23.Rc1 Nab7 24.Nc4 Nxa4 25.Qa3 Bd7 26.Nbxd6 Nbc5 27.Nf5 Bxf5 28.d6 Qf6 29.exf5 e4
30.Nb6 Nxb6 31.Qxc5 Ra1 32.Rxa1 Qxa1+ 33.Bf1  1-0

[Event "Havana-B"]
[Site "Havana"]
[Date "1985.??.??"]
[Round "13"]
[White "Zaltsman, Vitaly F"]
[Black "Hernandez, Roman"]
[Result "1/2-1/2"]
[WhiteElo "2410"]
[BlackElo "2440"]

1.d4 Nf6 2.c4 e6 3.Nf3 Bb4+ 4.Bd2 Qe7 5.g3 Nc6 6.Bg2 Bxd2+ 7.Nbxd2 d6 8.O-O O-O
9.e4 e5 10.d5 Nb8 11.Ne1 a5 12.Nd3 Na6 13.f4 Nb4 14.Nf2 Bd7 15.b3  1/2-1/2

[Event "Jarvenpaa"]
[Site "Jarvenpaa"]
[Date "1985.??.??"]
[Round "?"]
[White "Djuric, Stefan"]
[Black "Rantanen, Yrjo A"]
[Result "1-0"]
[WhiteElo "2485"]
[BlackElo "2420"]

1.d4 Nf6 2.c4 e6 3.Nf3 Bb4+ 4.Bd2 a5 5.g3 d5 6.Qc2 Nc6 7.Bg2 O-O 8.O-O Re8
9.Bc3 dxc4 10.Nbd2 Qd5 11.e4 Qb5 12.Rfe1 Be7 13.a3 Rb8 14.d5 exd5 15.exd5 Nxd5
16.a4 Ncb4 17.Qe4 Qa6 18.Nxc4 Be6 19.Bf1 Nxc3 20.bxc3 Bd5 21.Qf4 Qf6 22.cxb4 Qxf4
23.gxf4 Bxf3 24.bxa5 Bc5 25.Ne5 Bd5 26.Red1 Bb3 27.Rd3 Be6 28.Nd7 Bxd7 29.Rxd7 Bd6
30.Bc4 Re7 31.Rxe7 Bxe7 32.Rb1 c6 33.a6 b5 34.axb5 Bc5 35.Rc1 cxb5 36.Bd5 Bb6
37.Rc6 Kf8 38.Rxb6 Rxb6 39.a7 Ra6 40.a8=Q+ Rxa8 41.Bxa8  1-0

[Event "Jurmala"]
[Site "Jurmala"]
[Date "1985.??.??"]
[Round "3"]
[White "Tukmakov, Vladimir B"]
[Black "Vitolinsh, Alvis"]
[Result "1/2-1/2"]
[WhiteElo "2565"]
[BlackElo "2410"]

1.d4 Nf6 2.Nf3 e6 3.c4 Bb4+ 4.Bd2 c5 5.Bxb4 cxb4 6.Nbd2 O-O 7.e4 d6 8.Qc2 Nc6
9.Bd3 Nd7 10.O-O e5 11.d5 Ncb8 12.a3 Na6 13.Nb3 Qb6 14.axb4 Nxb4 15.Qc3 a5
16.Bb1 Qc7 17.Ra3 b6 18.Nh4 Kh8 19.Nd2 Rg8 20.Nf5 Nf6 21.Qh3 g6 22.Qh4 g5
23.Qh3 Bxf5 24.Qxf5 Rg6 25.Qf3 h5 26.Rc1 g4 27.Qe2 h4 28.Nf1 Nh5 29.g3 Rag8
30.Ne3 hxg3 31.hxg3 R8g7 32.Nf5 Rh7 33.c5 dxc5 34.Qb5 Qd8 35.Kf1 Nf4 36.Ke1 Nh3
37.Ke2 Ng5 38.Rd1 Nf3 39.Rxf3 gxf3+ 40.Kxf3 Nc6 41.d6 Nd4+ 42.Rxd4 exd4 43.Qc6 Qg5
44.Qxb6 Qh5+ 45.Kf4 Qg4+ 46.Ke5 Qg5 47.Qxc5 Qf6+ 48.Kd5 Rh1 49.Bd3 Rd1 50.Qxd4 Qxd4+
51.Kxd4 Rd2 52.d7 Rg8 53.Nh6 Rb8 54.Nxf7+ Kg7 55.d8=Q Rxd8+ 56.Nxd8 Rxb2
57.Ne6+ Kf6 58.Nc5 Rxf2 59.Kd5 Ke7 60.g4 Rd2 61.Kc4 Rb2 62.Kc3 Rg2 63.Kb3 Rxg4
64.Ka4 Kd6  1/2-1/2

[Event "Jurmala"]
[Site "Jurmala"]
[Date "1985.??.??"]
[Round "5"]
[White "Tukmakov, Vladimir B"]
[Black "Gipslis, Aivars"]
[Result "1/2-1/2"]
[WhiteElo "2570"]
[BlackElo "2490"]

1.d4 Nf6 2.c4 e6 3.Nf3 Bb4+ 4.Bd2 Qe7 5.g3 Nc6 6.Nc3 Bxc3 7.Bxc3 Ne4 8.Rc1 d6
9.d5 Nxc3 10.Rxc3 Nb8 11.dxe6 fxe6 12.Bg2 O-O 13.O-O Na6 14.Nd2 e5 15.f4 exf4
16.gxf4 Nc5 17.b4 Nd7 18.Ne4 Nf6 19.c5 Nxe4 20.Qd5+ Be6 21.Qxe4 d5 22.Qd4 c6  1/2-1/2

[Event "URS-ch sf"]
[Site "Kostroma"]
[Date "1985.??.??"]
[Round "4"]
[White "Yandemirov, Valeri"]
[Black "Zaichik, Gennadi"]
[Result "1-0"]
[WhiteElo "2200"]
[BlackElo "2475"]

1.Nf3 Nf6 2.d4 e6 3.c4 Bb4+ 4.Bd2 Qe7 5.e3 Bxd2+ 6.Qxd2 d6 7.Nc3 e5 8.dxe5 dxe5
9.Be2 O-O 10.O-O Bg4 11.Rfd1 e4 12.Nd4 Bxe2 13.Ndxe2 Nc6 14.Ng3 Rfe8 15.Qc2 b6
16.a3 Qe5 17.Nd5 Nd7 18.Nc3 Nf6 19.Rd2 Rad8 20.Rad1 Rxd2 21.Rxd2 g6 22.Qa4 Na5
23.Rd4 Re6 24.Ngxe4 Ng4 25.Ng3 Nxf2 26.Qc2 Ng4 27.Rxg4 Qxe3+ 28.Qf2 Qc1+
29.Nf1 Nc6 30.Qd2 Qxd2 31.Nxd2 f5 32.Rf4 Rd6 33.Nf3 Kg7 34.Kf2 Ne5 35.c5 bxc5
36.Ra4 Nc6 37.Rc4 Nd4 38.Nxd4 cxd4 39.Rxc7+ Kh6 40.Nd1 a5 41.Ke2 Re6+ 42.Kd2 f4  1-0

[Event "URS-ch sf"]
[Site "Kostroma"]
[Date "1985.??.??"]
[Round "9"]
[White "Titov, German"]
[Black "Yandemirov, Valeri"]
[Result "1/2-1/2"]
[WhiteElo "2200"]
[BlackElo "2200"]

1.d4 Nf6 2.c4 e6 3.Nf3 Bb4+ 4.Bd2 Qe7 5.e3 Bxd2+ 6.Qxd2 O-O 7.Nc3 d6 8.Be2 c5
9.O-O Nc6 10.Rfd1 Rd8 11.Qc2 b6 12.Rd2 Bb7 13.Rad1 Rd7 14.a3 Rad8 15.dxc5 dxc5
16.Rxd7 Rxd7 17.Rxd7 Qxd7 18.Qd2 Qxd2 19.Nxd2 Kf8 20.Kf1 Ke7 21.Bf3 Na5 22.Bxb7 Nxb7
23.Ke2 h6 24.Nde4 Nxe4 25.Nxe4 Nd6 26.Kd3 f5 27.Nxd6 Kxd6 28.f4 e5 29.g3 e4+
30.Kd2  1/2-1/2

[Event "WchT U26"]
[Site "Mendoza"]
[Date "1985.??.??"]
[Round "1"]
[White "Darcyl, Tomas"]
[Black "Garcia, Alvaro"]
[Result "1-0"]
[WhiteElo "2240"]
[BlackElo "2255"]

1.d4 Nf6 2.Nf3 e6 3.c4 Bb4+ 4.Bd2 Qe7 5.g3 b6 6.Bg2 Bb7 7.O-O Bxd2 8.Qxd2 O-O
9.Nc3 d5 10.cxd5 exd5 11.Rfd1 Nbd7 12.Rac1 Rfd8 13.Ne1 c5 14.dxc5 Nxc5 15.Nc2 Nce4
16.Nxe4 dxe4 17.Qf4 Rxd1+ 18.Rxd1 Rd8 19.Rxd8+ Qxd8 20.Ne3 g6 21.g4 Nd5 22.Nxd5 Bxd5
23.a3 Qe7 24.g5 Qc5 25.Qb8+ Kg7 26.Qe5+ Kg8 27.Qb8+ Kg7 28.Qe5+ Kg8 29.Bf1 a5
30.e3 Qc6 31.Qb8+ Kg7 32.Qe5+ Kg8 33.Qb8+ Kg7 34.Qe5+ Kg8 35.Kg2 Qd7 36.Qb8+ Kg7
37.Qe5+ Kg8 38.Qb8+ Kg7 39.Qe5+ Kg8 40.Kg3 Qd8 41.h4 Be6 42.Qxe4 Qc7+ 43.Qf4 Qc1
44.Qb8+ Kg7 45.Qe5+ Kg8 46.Qb8+ Kg7 47.Qe5+ Kf8 48.Bg2 Qd1 49.Qd4 Qe2 50.b4 axb4
51.axb4 Qb5 52.Qd8+ Kg7 53.Qf6+ Kf8 54.Qd8+ Kg7 55.Qd4+ Kf8 56.Bh3 Bxh3 57.Kxh3 Ke8
58.Kg3 Ke7 59.Qf6+ Ke8 60.Qd6 Qa6 61.Qc6+ Kf8 62.Kf3 Qa7 63.Ke4 Qe7+ 64.Kd5 Qa7
65.Qd6+ Kg8 66.Kc6 Qa2 67.Kxb6  1-0

[Event "WchT U26"]
[Site "Mendoza"]
[Date "1985.??.??"]
[Round "3"]
[White "Miralles, Gilles"]
[Black "Santacruz, Francisco"]
[Result "1-0"]
[WhiteElo "2365"]
[BlackElo "2275"]

1.d4 Nf6 2.c4 e6 3.Nf3 Bb4+ 4.Bd2 Qe7 5.g3 Nc6 6.Bg2 Bxd2+ 7.Nbxd2 a5 8.O-O d6
9.a3 O-O 10.b3 e5 11.d5 Nb8 12.e4 Na6 13.b4 Bd7 14.Rb1 Rfb8 15.Qc2 axb4 16.axb4 c5
17.dxc6 bxc6 18.Qc3 Rb6 19.Ra1 Rab8 20.c5 dxc5 21.Nc4 cxb4 22.Qxe5 Be6 23.Rxa6 Rb5
24.Qd4 Rd8 25.Nd6 c5 26.Qe5 Nd7 27.Qf4 Nb8 28.Nxb5 Nxa6 29.e5 Nc7 30.Nxc7 Qxc7
31.Ng5 Rd4 32.Qe3 h6 33.Nxe6 fxe6 34.Rc1 Qe7 35.Qb3 g5 36.Qc2 c4 37.Qg6+ Kh8
38.Qxh6+ Kg8 39.Bh3 g4 40.Qg6+ Kf8 41.Bxg4 Qf7 42.Qxe6 Qxe6 43.Bxe6 c3 44.Rc2 Ke7
45.Bb3 Rd1+ 46.Kg2 Rb1 47.Bc4 Re1 48.f4  1-0

[Event "Moscow"]
[Site "Moscow"]
[Date "1985.??.??"]
[Round "?"]
[White "Razuvaev, Yuri S"]
[Black "Ivkov, Borislav"]
[Result "1/2-1/2"]
[WhiteElo "2520"]
[BlackElo "2510"]

1.d4 Nf6 2.c4 e6 3.Nf3 Bb4+ 4.Bd2 Qe7 5.g3 b6 6.Bg2 Bb7 7.O-O Bxd2 8.Qxd2 d6
9.Nc3 Ne4 10.Nxe4 Bxe4 11.Qf4 f5 12.c5 Nd7 13.cxd6 cxd6 14.Ng5 Bxg2 15.Kxg2 h6
16.Nf3  1/2-1/2

[Event "Moscow-B"]
[Site "Moscow"]
[Date "1985.??.??"]
[Round "?"]
[White "Eingorn, Vereslav S"]
[Black "Briffel, Francisco"]
[Result "1-0"]
[WhiteElo "2525"]
[BlackElo "2200"]

1.d4 Nf6 2.c4 e6 3.Nf3 Bb4+ 4.Bd2 Qe7 5.g3 Nc6 6.Nc3 d5 7.a3 Bxc3 8.Bxc3 a5
9.Bg2 O-O 10.O-O Re8 11.Qc2 Bd7 12.Nd2 Ra6 13.e4 dxc4 14.Nxc4 b5 15.Ne5 Rc8
16.Nd3 Nd8 17.Nc5 Ra7 18.Qd2 Rca8 19.Rac1 c6 20.Rfe1 Ne8 21.b3 Nd6 22.Nxd7 Qxd7
23.d5 c5 24.Rcd1 Ne8 25.e5 b4 26.Bb2 Rc8 27.Qe3 Qb5 28.a4 Qb6 29.d6 Rd7 30.Bf1 Nc6
31.Bb5 Nb8 32.Rd2 Rcd8 33.Rc2 Na6 34.Rec1 f6 35.Bxd7 Rxd7 36.exf6 Qxd6 37.fxg7 Nxg7
38.Re2 Qd3 39.Qxd3 Rxd3 40.Bxg7  1-0

[Event "Naleczow"]
[Site "Naleczow"]
[Date "1985.??.??"]
[Round "4"]
[White "Dybowski, Jerzy"]
[Black "Ksieski, Zbigniew"]
[Result "1/2-1/2"]
[WhiteElo "2320"]
[BlackElo "2380"]

1.d4 Nf6 2.c4 e6 3.Nf3 Bb4+ 4.Bd2 a5 5.g3 b6 6.Bg2 Bb7 7.O-O O-O 8.Bg5 Be7
9.Bxf6 Bxf6 10.Nc3 d6 11.Ne1 Bxg2 12.Kxg2 d5 13.cxd5 exd5 14.e3 c6 15.Rc1 Nd7
16.Nd3 Rc8 17.Qf3 Re8 18.Rc2 b5 19.Rfc1 Nb6 20.b3 Re7 21.Ne2 Qd6 22.Qf4 Qxf4
23.Nexf4 Rec7 24.Nc5 Bd8 25.Nfd3 Ra7 26.Ne5 f6 27.Ned3 Kf7 28.f4 g6 29.g4 Be7
30.f5 gxf5 31.gxf5 Rg8+ 32.Kh1 Nc8 33.Ne6 Ba3  1/2-1/2

[Event "New York op"]
[Site "New York"]
[Date "1985.??.??"]
[Round "2"]
[White "Dlugy, Maxim"]
[Black "Remlinger, Larry"]
[Result "1-0"]
[WhiteElo "2485"]
[BlackElo "2380"]

1.d4 Nf6 2.c4 e6 3.Nf3 Bb4+ 4.Bd2 Qe7 5.g3 O-O 6.Bg2 Bxd2+ 7.Qxd2 d6 8.Nc3 e5
9.O-O a5 10.e4 c6 11.h3 Re8 12.Rad1 Na6 13.Rfe1 Rb8 14.b3 Bd7 15.Na4 c5 16.dxe5 dxe5
17.Nb6 Bc6 18.Nd5 Bxd5 19.exd5 Qd6 20.Re2 b6 21.Rde1 Nd7 22.Qc3 f6 23.h4 Nf8
24.Bh3 Kh8 25.h5 Nc7 26.Nh4 Red8 27.Nf5 Qd7 28.f4 g6 29.fxe5 gxf5 30.exf6 Nxd5
31.cxd5 Qxd5 32.Rf2 Ne6 33.Rxf5 Qd4+ 34.Qxd4 Nxd4 35.Rf4 Re8 36.Rxe8+ Rxe8
37.Bf1 h6 38.Kf2 b5 39.a4 bxa4 40.bxa4 Rb8 41.Bc4 Rf8 42.f7 Kg7 43.Rg4+ Kf6
44.Rg6+ Ke7 45.Rxh6 Nf5 46.Rc6 Nd6 47.Bd5  1-0

[Event "New York op"]
[Site "New York"]
[Date "1985.??.??"]
[Round "8"]
[White "Dlugy, Maxim"]
[Black "Bass, Leonid"]
[Result "1-0"]
[WhiteElo "2485"]
[BlackElo "2430"]

1.d4 Nf6 2.c4 e6 3.Nf3 Bb4+ 4.Bd2 a5 5.g3 b6 6.Bg2 Bb7 7.O-O O-O 8.Bg5 Be7
9.Bxf6 Bxf6 10.Nc3 d6 11.e4 g6 12.Qe2 Bg7 13.Rad1 Nd7 14.Rfe1 c6 15.Qe3 Qc7
16.h4 Ba6 17.Bf1 Qb7 18.e5 dxe5 19.dxe5 Qc7 20.h5 Rad8 21.Qf4 Nc5 22.hxg6 hxg6
23.Qh4 Rxd1 24.Nxd1 f6 25.Ne3 Qf7 26.Ng4 g5 27.Qh3 fxe5 28.Nfxe5 Qf5 29.Nxc6 Rf7
30.Nce5 Rf8 31.Bg2 Bb7 32.Bxb7 Nxb7 33.Qf1 Nc5 34.Qe2 Rd8 35.Nc6 Re8 36.Nge5 a4
37.Qh5 Kf8 38.Ng6+  1-0

[Event "JUG-ch"]
[Site "Novi Sad"]
[Date "1985.??.??"]
[Round "?"]
[White "Djuric, Stefan"]
[Black "Ivanovic, Bozidar"]
[Result "1-0"]
[WhiteElo "2470"]
[BlackElo "2515"]

1.d4 Nf6 2.c4 e6 3.Nf3 Bb4+ 4.Bd2 Qe7 5.g3 Nc6 6.Bg2 Bxd2+ 7.Nbxd2 d6 8.O-O O-O
9.e4 e5 10.d5 Nb8 11.Qc2 a5 12.Ne1 c6 13.Rc1 Na6 14.Nd3 Bd7 15.c5 cxd5 16.cxd6 Qxd6
17.exd5 b5 18.Qc3 Rfe8 19.Ne4 Nxe4 20.Bxe4 b4 21.Qd2 Rac8 22.Qe3 g6 23.h4 h5
24.Rfe1 Bb5 25.Qh6 Rc4 26.Bg2 Rxc1 27.Nxc1 Nc5 28.Nb3 Nd3 29.Re3 Nxb2 30.Nxa5 Nc4
31.Nxc4 Bxc4 32.g4 hxg4 33.h5 f5 34.Re1 g3 35.fxg3 e4 36.Kh2 e3 37.hxg6 Re7
38.Rb1 e2 39.Rc1 Bb5 40.Re1 Be8 41.Rxe2  1-0

[Event "Paz e Amizade"]
[Site "Paz e Amizade"]
[Date "1985.??.??"]
[Round "?"]
[White "Santos, Luis"]
[Black "Taimanov, Mark E"]
[Result "1/2-1/2"]
[WhiteElo "2345"]
[BlackElo "2490"]

1.d4 Nf6 2.Nf3 e6 3.c4 Bb4+ 4.Bd2 a5 5.Qc2 d6 6.Nc3 Qe7 7.a3 Bxc3 8.Bxc3 Nbd7
9.b3 e5 10.dxe5 Nxe5 11.Nxe5 dxe5 12.g3 O-O 13.Bg2 Re8 14.O-O c6 15.a4 Bg4
16.Rfd1 Qc5 17.Rd2 Bh5 18.Bb2 Rad8 19.Rad1 Bg6 20.e4 Rxd2 21.Rxd2 h5 22.Kf1 h4
23.Qd3 hxg3 24.hxg3 Re7 25.Qc2 Re6 26.Bf3 Rd6 27.Rxd6 Qxd6 28.Ke2 Nd7 29.Qd2  1/2-1/2

[Event "SVK-ch"]
[Site "Piestany"]
[Date "1985.??.??"]
[Round "10"]
[White "Cervenka, Imrich"]
[Black "Matejov, J."]
[Result "1/2-1/2"]
[WhiteElo "2310"]
[BlackElo "2200"]

1.d4 Nf6 2.c4 e6 3.Nf3 Bb4+ 4.Bd2 a5 5.e3 O-O 6.Bd3 d6 7.O-O Bxd2 8.Qxd2 Re8
9.Rd1 Nbd7 10.Nc3 Qe7 11.Nb5 Nf8 12.e4  1/2-1/2

[Event "Nordic-chT"]
[Site "Pohja"]
[Date "1985.??.??"]
[Round "?"]
[White "Schussler, Harry"]
[Black "Rantanen, Yrjo A"]
[Result "1/2-1/2"]
[WhiteElo "2465"]
[BlackElo "2420"]

1.d4 Nf6 2.Nf3 e6 3.c4 Bb4+ 4.Bd2 a5 5.g3 d5 6.Qc2 Nc6 7.Bg2 O-O 8.O-O Re8
9.Rd1 Bf8 10.Bf4 Nb4 11.Qc1 dxc4 12.Na3 Nbd5 13.Nxc4 Bd7 14.Nfe5 Ba4 15.b3 Bb5
16.a4 Ba6 17.Ra2 Nxf4 18.Qxf4 c6 19.Rc2 Qe7 20.Qc1 Qb4 21.Qb1 Red8 22.e3 Nd5
23.Nd3 Qe7 24.Rcc1 Qc7 25.Nce5 Ba3  1/2-1/2

[Event "Rubinstein mem"]
[Site "Polanica Zdroj"]
[Date "1985.??.??"]
[Round "2"]
[White "Garcia Palermo, Carlos"]
[Black "Spiridonov, Nikola"]
[Result "1/2-1/2"]
[WhiteElo "2520"]
[BlackElo "2400"]

1.d4 Nf6 2.c4 e6 3.Nf3 Bb4+ 4.Bd2 c5 5.Bxb4 cxb4 6.a3 Qc7 7.e3 O-O 8.Qb3 bxa3
9.Qxa3 d6 10.Nc3 b6 11.Be2 Bb7 12.O-O Nc6 13.b4 Rfc8 14.Rfc1 a5 15.bxa5 bxa5
16.Na4 Nd7 17.e4 Nb4 18.Qe3 Bc6 19.Nc3 e5 20.d5 Bb7 21.Na4 Na6 22.Nd2 Nac5
23.Nc3 Rcb8 24.Ra3 Qd8 25.Rca1 Bc8 26.Nb5 Ra6  1/2-1/2

[Event "Rubinstein mem"]
[Site "Polanica Zdroj"]
[Date "1985.??.??"]
[Round "4"]
[White "Groszpeter, Attila"]
[Black "Spiridonov, Nikola"]
[Result "1-0"]
[WhiteElo "2470"]
[BlackElo "2400"]

1.d4 Nf6 2.c4 e6 3.Nf3 Bb4+ 4.Bd2 c5 5.g3 b6 6.Bxb4 cxb4 7.Bg2 Bb7 8.O-O Qc7
9.Nbd2 a5 10.d5 e5 11.Nh4 d6 12.f4 exf4 13.Rxf4 Nbd7 14.Ne4 Nxe4 15.Rxe4+ Ne5
16.Qa4+ Qd7 17.Qxd7+ Kxd7 18.Rf1 Rhf8 19.Nf5 Ba6 20.Nxg7 Bxc4 21.Bh3+ Kd8
22.Ne6+ Ke7 23.Nxf8 Rxf8 24.b3 Bxd5 25.Rh4 Rh8 26.Rc1 Be6 27.Rc7+ Nd7 28.Bg2 d5
29.e4 Kd6 30.Rc1 dxe4 31.Bxe4 Nc5 32.Rxh7 Rg8 33.Bf3 a4 34.Rh4 axb3 35.axb3 Nxb3
36.Rc6+ Ke7 37.Rxb6 Rc8 38.Rb7+ Kf6 39.Rbxb4 Rc1+ 40.Kf2 Rc2+ 41.Ke1 Nc5
42.Be2 Ke5 43.Rb5 Bd7 44.Ra5 Kd5 45.Kd1 Rb2 46.Bf3+  1-0

[Event "Poznan"]
[Site "Poznan"]
[Date "1985.??.??"]
[Round "1"]
[White "Neverov, Valeriy"]
[Black "Ksieski, Zbigniew"]
[Result "1-0"]
[WhiteElo "2480"]
[BlackElo "2380"]

1.d4 Nf6 2.c4 e6 3.Nf3 Bb4+ 4.Bd2 a5 5.g3 b6 6.Bg2 Bb7 7.O-O O-O 8.Nc3 Ne4
9.Rc1 Bxc3 10.Bxc3 d5 11.Qc2 Nd7 12.Rfd1 Qe7 13.Be1 Rac8 14.c5 bxc5 15.dxc5 Qxc5
16.Qxc5 Nexc5 17.Bxa5 Na4 18.Rxc7 Rxc7 19.Bxc7 Rc8 20.Ba5 Rc2 21.b3 Nac5
22.Rd2 Rc1+ 23.Bf1 e5 24.Bb4 Ne4 25.Ba3 Rc8 26.Rb2 Rc1 27.Rd2 Rc8 28.Rb2 Rc1
29.Bb4 d4 30.Ne1 Nef6 31.Rc2 Rxc2 32.Nxc2 Be4 33.Na3 Nd5 34.Bd6 Nc3 35.Nc4 f6
36.a3 Kf7 37.Bh3 Ke8 38.Kf1 Bd5 39.Bb4 Bxc4 40.bxc4 Na4 41.Be6 Ndc5 42.Bg8 h6
43.h4 h5 44.Ke1 g5 45.Bd5 g4 46.Kd1 f5 47.Bc6+ Kd8 48.Kc2 f4 49.Bxa4 Nxa4
50.Kb3 f3 51.Kxa4 Kd7 52.e3 dxe3 53.Be1  1-0

[Event "Poznan"]
[Site "Poznan"]
[Date "1985.??.??"]
[Round "10"]
[White "Nowak, Ignacy"]
[Black "Ksieski, Zbigniew"]
[Result "1-0"]
[WhiteElo "2435"]
[BlackElo "2380"]

1.d4 Nf6 2.c4 e6 3.Nf3 Bb4+ 4.Bd2 a5 5.g3 b6 6.Bg2 Bb7 7.O-O O-O 8.Nc3 Ne4
9.Rc1 Bxc3 10.Bxc3 d5 11.Qc2 Nd7 12.Rfd1 Qe7 13.Be1 c5 14.dxc5 Ndxc5 15.cxd5 exd5
16.b3 Rfe8 17.Qb2 Rad8 18.Rc2 Ba6 19.Bf1 Rd6 20.a3 Qd7 21.b4 axb4 22.axb4 Ne6
23.Ne5 Qb5 24.f3 d4 25.Nc4 d3 26.exd3 N4g5 27.Nxd6 Nxf3+ 28.Kh1 Qh5 29.Nxe8 Nfd4
30.Rcc1 Bb7+ 31.Bg2 Nf3 32.Qxg7+  1-0

[Event "Bohemians"]
[Site "Prague"]
[Date "1985.??.??"]
[Round "?"]
[White "Mozny, Milos"]
[Black "Ambroz, Jan"]
[Result "1/2-1/2"]
[WhiteElo "2400"]
[BlackElo "2455"]

1.d4 Nf6 2.c4 e6 3.Nf3 Bb4+ 4.Bd2 Qe7 5.Nc3 O-O 6.e3 Bxc3 7.Bxc3 Ne4 8.Qc2 Nxc3
9.Qxc3 d6 10.Be2 b6 11.Nd2 Bb7 12.Bf3 Bxf3  1/2-1/2

[Event "Bohemians"]
[Site "Prague"]
[Date "1985.??.??"]
[Round "?"]
[White "Meduna, Eduard"]
[Black "Knezevic, Milorad"]
[Result "0-1"]
[WhiteElo "2460"]
[BlackElo "2405"]

1.d4 Nf6 2.c4 e6 3.Nf3 Bb4+ 4.Bd2 c5 5.Bxb4 cxb4 6.a3 Qe7 7.c5 bxa3 8.Nxa3 O-O
9.Nc4 Nc6 10.e3 Rb8 11.b4 Nxb4 12.Rxa7 Ne4 13.Bd3 Nxc5 14.dxc5 Qxc5 15.Ra5 Nxd3+
16.Qxd3 Qb4+ 17.Nfd2 b5 18.Ra1 bxc4 19.Qxc4 Qd6 20.Nf3 Rb4 21.Qc2 Ba6 22.Qd2 Qb6
23.Nd4 Rc8 24.f4 Rb1+  0-1

[Event "Bohemians"]
[Site "Prague"]
[Date "1985.??.??"]
[Round "?"]
[White "Pekarek, Ales"]
[Black "Knezevic, Milorad"]
[Result "1/2-1/2"]
[WhiteElo "2360"]
[BlackElo "2405"]

1.d4 Nf6 2.c4 e6 3.Nf3 Bb4+ 4.Bd2 Qe7 5.g3 Nc6 6.Bg2 Bxd2+ 7.Nbxd2 d6 8.e4 e5
9.d5 Nb8 10.O-O O-O 11.Ne1 a5 12.Nd3 Na6 13.b3 c6 14.a3 Bd7  1/2-1/2

[Event "Prague zt"]
[Site "Prague"]
[Date "1985.??.??"]
[Round "11"]
[White "Pinter, Jozsef"]
[Black "Mokry, Karel"]
[Result "1-0"]
[WhiteElo "2540"]
[BlackElo "2490"]

1.d4 Nf6 2.c4 e6 3.Nf3 Bb4+ 4.Bd2 a5 5.g3 b6 6.Bg2 Bb7 7.O-O O-O 8.Bf4 Be7
9.Nc3 Ne4 10.Na4 d6 11.Nd2 Nxd2 12.Bxb7 Ra7 13.Qxd2 Rxb7 14.e4 Nd7 15.Be3 Qa8
16.Nc3 Rbb8 17.Qe2 c6 18.a4 Rfc8 19.f4 d5 20.cxd5 cxd5 21.e5 f5 22.g4 Rf8
23.Rac1 Rbc8 24.gxf5 Rxf5 25.Nb5 Nf8 26.Qg4 Rxc1 27.Rxc1 Qe8 28.Rc7 Ng6 29.Kh1 Kh8
30.b3 h5 31.Qg3 Kh7 32.Rc1 Nf8 33.Rg1 Qf7 34.Nc3 Ng6 35.Ne2 Nf8 36.Qh3 h4
37.Ng3 Rxf4 38.Bxf4 Qxf4 39.Ne2 Qd2 40.Qg4 Qh6 41.Nf4 Bb4 42.Qf3 Kg8 43.Rf1 Kh7
44.h3 Be7 45.Qh5  1-0

[Event "Sochi"]
[Site "Sochi"]
[Date "1985.??.??"]
[Round "?"]
[White "Vaisser, Anatoli"]
[Black "Psakhis, Lev"]
[Result "1/2-1/2"]
[WhiteElo "2490"]
[BlackElo "2555"]

1.d4 Nf6 2.Nf3 e6 3.c4 Bb4+ 4.Bd2 Bxd2+ 5.Qxd2 O-O 6.Nc3 d5 7.e3 Qe7 8.Rc1 Rd8
9.Qc2 dxc4 10.Bxc4 Nbd7 11.O-O c5 12.Ne4 Nxe4 13.Qxe4 Nf6 14.Qh4 cxd4 15.Nxd4 Bd7
16.Rfd1 Be8 17.Bb3 Rac8 18.Rxc8 Rxc8  1/2-1/2

[Event "Szirak"]
[Site "Szirak"]
[Date "1985.??.??"]
[Round "11"]
[White "Pinter, Jozsef"]
[Black "Petran, Pal"]
[Result "1-0"]
[WhiteElo "2565"]
[BlackElo "2440"]

1.d4 Nf6 2.c4 e6 3.Nf3 Bb4+ 4.Bd2 Qe7 5.g3 O-O 6.Bg2 Bxd2+ 7.Qxd2 d5 8.Qc2 Nc6
9.O-O Rd8 10.cxd5 exd5 11.Nc3 Ne4 12.e3 Nxc3 13.bxc3 Na5 14.Ne5 f6 15.Nf3 Be6
16.Rfe1 Qd7 17.Nd2 Rac8 18.Nb3 Qa4 19.Qb1 b6 20.e4 Nc6 21.f4 Qa3 22.exd5 Bxd5
23.Re8+ Rxe8 24.Bxd5+ Kh8 25.Bxc6 Re2 26.Bb5 Re7 27.Qf5 Rf8 28.Qd3 Qd6 29.d5 Rd8
30.Rd1  1-0

[Event "Tallinn"]
[Site "Tallinn"]
[Date "1985.??.??"]
[Round "?"]
[White "Yrjola, Jouni"]
[Black "Karolyi, Tibor Jr"]
[Result "1/2-1/2"]
[WhiteElo "2500"]
[BlackElo "2445"]

1.d4 Nf6 2.c4 e6 3.Nf3 Bb4+ 4.Bd2 Be7 5.Nc3 d5 6.Bg5 O-O 7.e3 Nbd7 8.Rc1 a6
9.cxd5 exd5 10.Bd3 c6 11.O-O h6 12.Bh4 Re8 13.Qc2 Nh5 14.Bxe7 Rxe7 15.b4 Nhf6
16.a4 Nb6 17.b5 cxb5 18.axb5 a5 19.Na4 Nxa4 20.Qxa4 Nd7 21.Rc2 Nb6 22.Qa3 Bd7
23.Rfc1 Be8 24.Rc5  1/2-1/2

[Event "Tallinn"]
[Site "Tallinn"]
[Date "1985.??.??"]
[Round "?"]
[White "Veingold, Aleksandr"]
[Black "Kiik, A."]
[Result "1/2-1/2"]
[WhiteElo "2435"]
[BlackElo "2200"]

1.d4 Nf6 2.c4 e6 3.Nf3 Bb4+ 4.Bd2 Qe7 5.g3 Nc6 6.Nc3 Bxc3 7.Bxc3 Ne4 8.Rc1 Nb4
9.Qa4 a5 10.Bg2 O-O 11.O-O Nxc3 12.Rxc3 d6 13.a3 Bd7 14.Qd1 Na6 15.Nd2 Rab8
16.f4 b5 17.Qc2 b4 18.Re3 Qf6 19.Rd3 bxa3 20.bxa3 Qe7 21.Qc3 d5 22.cxd5 exd5
23.Re3 Qd6 24.Qxa5 Rb5 25.Qc3 c5 26.Re5 Nc7 27.Rc1 c4 28.Nxc4 dxc4 29.Qxc4 Rxe5
30.fxe5 Qe6 31.Qc5 Na6 32.Qa7 Qh6 33.Rf1 Qe3+ 34.Kh1 Nb8 35.Rb1 h6 36.Bf3 Bh3
37.Rd1 Nd7 38.Qc7 Bf5 39.Qc1 Qb3 40.g4 Bg6 41.Rd2 Rb8 42.Kg2 Qe3 43.Rd1 Qb3
44.Rd2 Nf8 45.Kf2 Ne6 46.h4 Nf4 47.h5 Bb1 48.d5 Qb6+ 49.Kf1 Qe3 50.Rc2 Qxe5
51.Rc8+ Rxc8 52.Qxc8+ Kh7 53.Qc1 Qb8 54.a4 f5 55.d6 fxg4 56.Bxg4 Nd5 57.d7 Be4
58.Bf3 Nf6 59.Bxe4+ Nxe4 60.Qe3 Qf8+ 61.Kg2 Nc5 62.Qe8 Nxd7 63.Qxd7 Qf4 64.Qd3+ Kh8
65.Qg6 Qxa4 66.Kf3 Qd4 67.e3 Qd1+ 68.Kf4 Qf1+ 69.Ke5 Qb5+  1/2-1/2

[Event "Tirnavia"]
[Site "Trnava"]
[Date "1985.??.??"]
[Round "4"]
[White "Spassov, Liuben"]
[Black "Plachetka, Jan"]
[Result "1/2-1/2"]
[WhiteElo "2415"]
[BlackElo "2440"]

1.d4 Nf6 2.c4 e6 3.Nf3 Bb4+ 4.Bd2 a5 5.g3 b6 6.Bg2 Bb7 7.O-O O-O 8.Nc3 d6
9.Rc1 Nbd7 10.Qc2 Bxc3 11.Bxc3 Be4 12.Qa4 Qe7 13.Nh4 Bxg2 14.Nxg2 e5  1/2-1/2

[Event "Tirnavia"]
[Site "Trnava"]
[Date "1985.??.??"]
[Round "12"]
[White "Schmidt, Wlodzimierz"]
[Black "Mokry, Karel"]
[Result "1-0"]
[WhiteElo "2475"]
[BlackElo "2490"]

1.d4 Nf6 2.c4 e6 3.Nf3 Bb4+ 4.Bd2 a5 5.Nc3 O-O 6.Qc2 d5 7.e3 Nc6 8.a3 Bxc3
9.Bxc3 Ne4 10.Bd3 Nxc3 11.Qxc3 Qe7 12.O-O Rd8 13.e4 Qf6 14.Rad1 dxc4 15.Bxc4 Bd7
16.Rfe1 Ne7 17.Ba2 Rdc8 18.Ne5 Be8 19.Re3 Ng6 20.Nxg6 hxg6 21.h3 c6 22.Red3 Rd8
23.Qd2 Rd7 24.d5 exd5 25.exd5 Rd6 26.b4 axb4 27.Qxb4 cxd5 28.Bxd5 Rb6 29.Qc5 Rb2
30.Rf3 Qa6 31.Qe7 Qe2 32.Bxf7+ Bxf7 33.Qxf7+ Kh7 34.Rd7 Qe1+ 35.Kh2 Qe5+
36.Rg3 Ra6 37.Rd8 Qe6 38.Qf8  1-0

[Event "Hoogovens-B"]
[Site "Wijk aan Zee"]
[Date "1985.??.??"]
[Round "8"]
[White "Van der Sterren, Paul"]
[Black "Barlov, Dragan"]
[Result "0-1"]
[WhiteElo "2450"]
[BlackElo "2430"]

1.d4 Nf6 2.c4 e6 3.Nf3 Bb4+ 4.Bd2 a5 5.e3 O-O 6.Bd3 Bxd2+ 7.Qxd2 d6 8.O-O Qe7
9.e4 e5 10.d5 Nbd7 11.Nc3 Nc5 12.Bc2 c6 13.a3 a4 14.Rfe1 Rd8 15.Qd1 cxd5
16.cxd5 Bd7 17.Nd2 Rdc8 18.Nc4 Ra6 19.Ne3 Ne8 20.g3 Nc7 21.Qf3 Nb5 22.Nxb5 Bxb5
23.h4 Bd7 24.Qe2 Qd8 25.Qd2 Raa8 26.Qb4 b5 27.Kg2 Qb6 28.Qd2 Nb7 29.b4 axb3
30.Bxb3 Qd4 31.Qb4 Qb6 32.Bc2 Nc5 33.Nc4 Qc7 34.Ne3 Na6 35.Qb2 Qa5 36.Rec1 Rc7
37.Bd1 Rac8 38.Bg4 Bxg4 39.Nxg4 h5 40.Ne3 Nc5 41.f3 g6 42.Qb4 Qa6 43.Rc3 Na4
44.Rxc7 Rxc7 45.Rb1 Rc5 46.Qd2 Qc8 47.Kg1 Qh3 48.Qg2 Qd7 49.Qd2 Rc3 50.Rc1 Rxa3
51.Nf5 Nc5 52.Rxc5 dxc5 53.d6 Rxf3 54.Kg2 Rxf5 55.exf5 Kg7 56.Qd5 Kf6 57.fxg6 fxg6
58.Qxc5 Ke6 59.Qc2 Qb7+ 60.Kh2 e4 61.Qc5 Qa6 62.Qg5 Qa2+ 63.Kh3 Kxd6 64.Qxb5 Qd5
65.Qb4+ Kd7 66.Qa4+ Ke7 67.Qa3+ Qd6 68.Qe3 Qe6+ 69.Kg2 Qa2+ 70.Kh3 Qc4 71.Qa7+ Ke6
72.Qb6+ Ke5 73.Qb8+ Kd4 74.Qb6+ Kc3 75.Qe3+ Kc2 76.Qf2+ Kd1 77.Qb6 Qd3 78.Qxg6 Qf1+
79.Kh2 Qe2+ 80.Kg1 Ke1 81.Qc6 Qe3+ 82.Kh1 Qf3+ 83.Kh2 Qf2+ 84.Kh3 Qf5+ 85.Kg2 Qf3+
86.Kh2 Qe3 87.Kg2 Qe2+ 88.Kg1 Qf2+ 89.Kh1 Qe3 90.Kg2 Qd2+ 91.Kh3 Qe2 92.Qc5 Kf1
93.Qc1+ Kf2  0-1